000 002240000a22000970004500
100 1 _aMiller, Randy
245 1 0 _aPulling together in Porta farm
300 _aNúm 51 (1996), Páginas 10-14
773 0 _tTogether
942 _cANA
999 _c57183
_d57183